| 000 | 01131nam a2200301Ia 4500 | ||
|---|---|---|---|
| 001 | ebr10313951 | ||
| 003 | CaPaEBR | ||
| 006 | m u | ||
| 007 | cr cn||||||||| | ||
| 008 | 071211s2008 cou sb 000 0 eng d | ||
| 010 | _z 2007050687 | ||
| 020 | _z9781934542019 (alk. paper) | ||
| 040 |
_aCaPaEBR _cCaPaEBR |
||
| 035 | _a(OCoLC)506071910 | ||
| 050 | 1 | 4 |
_aBL600 _b.M25 2008eb |
| 082 | 0 | 4 |
_a203/.8 _222 |
| 100 | 1 |
_aMadsen, Catherine, _d1952- |
|
| 245 | 1 | 0 |
_aIn medias res _h[electronic resource] : _bliturgy for the estranged / _cCatherine Madsen. |
| 260 |
_aAurora, Colo. : _bDavies Group, Publishers, _c2008. |
||
| 300 | _a130 p. | ||
| 504 | _aIncludes bibliographical references. | ||
| 533 |
_aElectronic reproduction. _bPalo Alto, Calif. : _cebrary, _d2009. _nAvailable via World Wide Web. _nAccess may be limited to ebrary affiliated libraries. |
||
| 650 | 0 | _aRitual. | |
| 650 | 0 | _aRites and ceremonies. | |
| 655 | 7 |
_aElectronic books. _2local |
|
| 710 | 2 | _aebrary, Inc. | |
| 856 | 4 | 0 |
_uhttp://site.ebrary.com/lib/rucke/Doc?id=10313951 _zAn electronic book accessible through the World Wide Web; click to view |
| 999 |
_c57738 _d57738 |
||